00405nam a2200157Ia 4500008004100000020001500041041001200056082001100068100001400079245007400093260002500167300000800192650001200200700001500212700002000227221030s9999 xx 000 0 und d a0070151550 aEnglish a105.23 aA. Beiser 0aConcepts Of Modern Physicscby A. Beiser, S. Mahajan, S. R. Choudhary bTMHaNew Delhic2009 a623 aPhysics aS. Mahajan aS. R. Choudhary